Reálny krok do EÚ UVL zaradili medzi špičkové európske univerzity

Bibliographic Details
Main Author: Mezencevová, Zuzana (Author)
Corporate Author: Univerzita veterinárskeho lekárstva v Košiciach (Author)
Format: Article
Language:Slovak
Subjects:

MARC

LEADER 00000nab a2200000 a 4500
001 vtls000899407
003 SK-MaSNL
005 20260303184048.0
008 190925e19970325xo 0 slo
035 |a KE8413 
040 |a KEVKJB  |b slo  |c KEVKJB  |e AACR2 
041 0 |a slo 
044 |a xo  |c SK 
080 |a 378.6  |2 1981 
080 |a 619  |2 1981 
100 1 |a Mezencevová, Zuzana  |4 aut  |9 880652 
245 1 0 |a Reálny krok do EÚ  |b UVL zaradili medzi špičkové európske univerzity 
610 2 7 |a Univerzita veterinárskeho lekárstva v Košiciach  |2 KEVKJB  |9 30750 
650 0 7 |a činnosť pedagogická  |2 KEVKJB  |9 1185121 
650 0 7 |a činnosť vedecko-výskumná  |2 KEVKJB  |9 1017646 
650 0 7 |a informácie  |2 KEVKJB  |9 1285 
651 7 |a Košice (Slovensko)  |2 KEVKJB  |9 18694 
651 7 |a KE,  |2 KEVKJB  |9 877256 
655 7 |a periodikum  |2 snkbucl  |9 29553 
710 2 |a Univerzita veterinárskeho lekárstva v Košiciach  |4 aut  |9 30750 
773 0 8 |t Košický večer  |g Roč. 8  |g Roč. 29, č.58, 25.3.1997, s. 3 
852 |a ZVYKNI  |b KIS3GCP 
999 |c 2124732  |d 2126662